|
|
|
|
| LEADER |
00000cam a2200000 4500 |
| 001 |
vtls012254028 |
| 003 |
SK-MaSNL |
| 005 |
20260301073612.0 |
| 008 |
240404s2023 xo hoc g h 010 fbcze |
| 015 |
|
|
|a SNBA2024/09
|
| 020 |
|
|
|a 9788081116148
|q (viazané)
|
| 040 |
|
|
|a SNK
|b slo
|c SNK
|e rda
|
| 041 |
0 |
|
|a cze
|
| 044 |
|
|
|a xo
|c SK
|
| 072 |
|
7 |
|a 929
|x Biografie
|2 konspekt
|
| 080 |
|
|
|a 54-051
|2 2011
|
| 080 |
|
|
|a (0:82-312.6)
|2 2011
|
| 080 |
|
|
|a 378.011.3-051
|2 2011
|
| 080 |
|
|
|a (=411.16)-055.2
|2 2011
|
| 080 |
|
|
|a 543.544.3
|2 2011
|
| 080 |
|
|
|a 343.819.5
|2 2011
|
| 080 |
|
|
|a 94(100)"1939/1945"
|2 2011
|
| 080 |
|
|
|a 323.12"1939/1945"
|2 2011
|
| 100 |
1 |
|
|a Mirovská, Jana,
|d 1964-
|4 aut
|9 394940
|
| 245 |
1 |
0 |
|a "Jmenuji se Eva-"
|c Jana Mirovská
|
| 246 |
1 |
|
|i Obálkový podnázov:
|a Přežila Terezín, Osvětim i Bergen-Bersen a mnohem víc
|
| 250 |
|
|
|a Vydání první
|
| 264 |
|
1 |
|a Bratislava
|b NOXI, s.r.o.
|c 2023
|
| 300 |
|
|
|a 376 strán
|b faksimile, čiernobiele fotografie, portréty
|c 24 cm
|
| 336 |
|
|
|a text
|b txt
|2 rdacontent
|
| 337 |
|
|
|a bez média
|b n
|2 rdamedia
|
| 338 |
|
|
|a zväzok
|b nc
|2 rdacarrier
|
| 600 |
1 |
7 |
|a Smolková-Keulemansová, Eva,
|d 1927-2024
|2 SNKMA
|9 394941
|
| 650 |
0 |
7 |
|a chemičky
|2 SNKPH
|9 52727
|
| 650 |
0 |
7 |
|a vysokoškolské učiteľky
|2 SNKPH
|9 131178
|
| 650 |
0 |
7 |
|a Chemists
|2 SNKPHeng
|9 327483
|
| 650 |
0 |
7 |
|a College teachers
|2 SNKPHeng
|9 267441
|
| 650 |
0 |
7 |
|a židovské ženy
|2 SNKPH
|9 90428
|
| 650 |
0 |
7 |
|a plynová chromatografia
|2 SNKPH
|9 29309
|
| 650 |
0 |
7 |
|a Jewish women
|2 SNKPHeng
|9 337015
|
| 650 |
0 |
7 |
|a Gas chromatography
|2 SNKPHeng
|9 312565
|
| 650 |
0 |
7 |
|a koncentračné tábory
|2 SNKPH
|9 2654
|
| 650 |
0 |
7 |
|a Concentration camps
|2 SNKPHeng
|9 314449
|
| 650 |
0 |
7 |
|a druhá svetová vojna (1939-1945)
|2 SNKPH
|9 169657
|
| 650 |
0 |
7 |
|a World War (1939-1945)
|2 SNKPHeng
|9 284172
|
| 650 |
0 |
7 |
|a holokaust (1939-1945)
|2 SNKPH
|9 160313
|
| 650 |
0 |
7 |
|a Holocaust (1939-1945)
|2 SNKPHeng
|9 164372
|
| 655 |
|
7 |
|a biografické romány
|2 SNKPH
|9 1532
|
| 655 |
|
7 |
|a Biographical novels
|2 SNKPHeng
|9 278552
|
| 700 |
1 |
|
|a Tabák, Miklós
|4 bjd
|9 394942
|
| 852 |
|
|
|a Slovenská národná knižnica
|
| 919 |
|
|
|a 978-80-8111-614-8
|
| 954 |
|
|
|a beletria cudzojazyčná (svetová)
|2 lita
|
| 958 |
|
|
|a CZ
|
| 958 |
|
|
|a BC
|
| 958 |
|
|
|a LX
|
| 999 |
|
|
|c 644657
|d 646587
|
| 952 |
|
|
|a SNK
|b SNK
|y PREZ
|7 0
|p 17A1545135
|o snkSC 205870
|i snk2024/5422
|8 0
|0 0
|1 0
|4 0
|d 2024-04-04
|l 0
|r 2025-10-29 00:00:00
|w 2026-02-23
|
| 952 |
|
|
|a SNK
|b SNK
|y VYP
|7 0
|p 17A1545136
|o snkSC 205870 D1
|i snk2024/5424
|8 0
|0 0
|1 0
|4 0
|d 2024-04-04
|l 0
|r 2026-02-23 18:03:44
|w 2026-02-23
|